[Event "DEM U10 2020"]
[Site "Willingen GER"]
[Date "2020.10.27"]
[Round "1"]
[White "Theviot, Luca"]
[Black "Besou, Hussain"]
[Result "0-1"]
[Termination "normal"]
[Board "1"]
[WhiteElo "1423"]
[BlackElo "1825"]
[WhiteClock "00:01:13"]
[BlackClock "01:08:04"]
[PlyCount "116"]
[WhiteFideId "16277449"]
[BlackFideId "16269950"]
[EventCountry "GER"]
[EventRounds "7"]
[EventType "swiss"]
[EventDate "2020.10.26"]

1. d4 {[%clk 1:15:53]} Nf6 {[%clk 1:15:52]} 2. Bg5 {[%clk 1:16:17]} e6 {[%clk
1:15:39]} 3. e4 {[%clk 1:16:40]} h6 {[%clk 1:16:05]} 4. Bxf6 {[%clk 1:16:13]}
Qxf6 {[%clk 1:16:28]} 5. c3 {[%clk 1:16:09]} d6 {[%clk 1:16:47]} 6. Nd2 {[%clk
1:16:07]} Be7 {[%clk 1:16:40]} 7. Bd3 {[%clk 1:16:05]} O-O {[%clk 1:16:32]} 8.
Ne2 {[%clk 1:16:12]} c5 {[%clk 1:16:09]} 9. O-O {[%clk 1:15:56]} Nc6 {[%clk
1:16:30]} 10. Nf3 {[%clk 1:08:49]} a6 {[%clk 1:15:04]} 11. a4 {[%clk 1:06:17]}
Rb8 {[%clk 1:13:23]} 12. Bc2 {[%clk 1:03:32]} b5 {[%clk 1:13:18]} 13. Qd3
{[%clk 0:59:42]} g6 {[%clk 1:13:16]} 14. axb5 {[%clk 0:57:50]} axb5 {[%clk
1:13:39]} 15. Qd2 {[%clk 0:57:06]} Qg7 {[%clk 1:13:38]} 16. Ra2 {[%clk
0:54:20]} b4 {[%clk 1:13:09]} 17. Bd3 {[%clk 0:47:02]} Bb7 {[%clk 1:05:57]} 18.
Rd1 {[%clk 0:43:19]} Rfc8 {[%clk 0:59:39]} 19. h3 {[%clk 0:38:42]} bxc3 {[%clk
0:56:26]} 20. bxc3 {[%clk 0:38:35]} cxd4 {[%clk 0:56:51]} 21. cxd4 {[%clk
0:35:16]} d5 {[%clk 0:57:14]} 22. exd5 {[%clk 0:32:52]} Nb4 {[%clk 0:55:51]}
23. Rb2 {[%clk 0:31:20]} Bxd5 {[%clk 0:56:10]} 24. Ne5 {[%clk 0:29:17]} Nxd3
{[%clk 0:53:42]} 25. Rxb8 {[%clk 0:29:19]} Rxb8 {[%clk 0:54:06]} 26. Qxd3
{[%clk 0:29:31]} Rb3 {[%clk 0:53:59]} 27. Qc2 {[%clk 0:29:29]} Rb8 {[%clk
0:50:27]} 28. Rb1 {[%clk 0:27:35]} Rxb1+ {[%clk 0:50:44]} 29. Qxb1 {[%clk
0:27:52]} Bd6 {[%clk 0:50:48]} 30. Qb2 {[%clk 0:27:30]} f6 {[%clk 0:51:08]} 31.
Nd3 {[%clk 0:26:35]} Qc7 {[%clk 0:51:21]} 32. Qc3 {[%clk 0:24:41]} Kf7 {[%clk
0:51:12]} 33. Qxc7+ {[%clk 0:22:49]} Bxc7 {[%clk 0:51:37]} 34. f3 {[%clk
0:21:58]} Bc4 {[%clk 0:51:34]} 35. Ndc1 {[%clk 0:19:44]} Bb6 {[%clk 0:51:52]}
36. Kh2 {[%clk 0:18:32]} Ke7 {[%clk 0:51:40]} 37. Kg3 {[%clk 0:14:26]} f5
{[%clk 0:50:04]} 38. f4 {[%clk 0:09:15]} Kd6 {[%clk 0:50:18]} 39. Kf2 {[%clk
0:09:00]} Kd5 {[%clk 0:50:14]} 40. Ke3 {[%clk 0:08:29]} Ba5 {[%clk 0:50:37]}
41. Nd3 {[%clk 0:05:42]} Bxd3 {[%clk 0:51:00]} 42. Kxd3 {[%clk 0:05:56]} g5
{[%clk 0:51:01]} 43. g3 {[%clk 0:03:59]} Be1 {[%clk 0:51:00]} 44. g4 {[%clk
0:01:58]} Bb4 {[%clk 0:50:20]} 45. fxg5 {[%clk 0:06:45]} hxg5 {[%clk 1:05:41]}
46. Ng3 {[%clk 0:06:13]} f4 {[%clk 1:04:48]} 47. Nf1 {[%clk 0:05:13]} Ba5
{[%clk 1:05:02]} 48. Nh2 {[%clk 0:05:02]} Bd8 {[%clk 1:05:26]} 49. Nf3 {[%clk
0:05:17]} Bf6 {[%clk 1:05:52]} 50. h4 {[%clk 0:03:21]} gxh4 {[%clk 1:06:19]}
51. g5 {[%clk 0:03:43]} Bg7 {[%clk 1:06:24]} 52. Nxh4 {[%clk 0:03:17]} Bxd4
{[%clk 1:06:48]} 53. Ng2 {[%clk 0:02:50]} e5 {[%clk 1:07:10]} 54. g6 {[%clk
0:02:21]} e4+ {[%clk 1:07:36]} 55. Kd2 {[%clk 0:02:19]} f3 {[%clk 1:07:13]} 56.
Nf4+ {[%clk 0:01:01]} Kc4 {[%clk 1:07:15]} 57. Ne6 {[%clk 0:01:11]} e3+ {[%clk
1:07:39]} 58. Ke1 {[%clk 0:01:13]} Bc3+ {[%clk 1:08:04]} 0-1

[Event "DEM U10 2020"]
[Site "Willingen GER"]
[Date "2020.10.27"]
[Round "1"]
[White "Rosenkranz, Lennard"]
[Black "Dordevic, Tom"]
[Result "0-1"]
[Termination "normal"]
[Board "5"]
[WhiteElo "1467"]
[BlackElo "1535"]
[WhiteClock "00:52:17"]
[BlackClock "00:59:08"]
[PlyCount "32"]
[WhiteFideId "16277996"]
[BlackFideId "16260503"]
[EventCountry "GER"]
[EventRounds "7"]
[EventType "swiss"]
[EventDate "2020.10.26"]

1. e4 {[%clk 1:15:57]} c5 {[%clk 1:15:49]} 2. Nf3 {[%clk 1:16:15]} e6 {[%clk
1:16:08]} 3. d4 {[%clk 1:16:31]} cxd4 {[%clk 1:16:29]} 4. Nxd4 {[%clk 1:16:51]}
a6 {[%clk 1:16:46]} 5. Nc3 {[%clk 1:17:09]} Qc7 {[%clk 1:17:02]} 6. Bd3 {[%clk
1:17:19]} Nf6 {[%clk 1:17:16]} 7. O-O {[%clk 1:16:16]} Be7 {[%clk 1:17:10]} 8.
Kh1 {[%clk 1:16:11]} b5 {[%clk 1:17:19]} 9. f4 {[%clk 1:12:33]} Bb7 {[%clk
1:12:26]} 10. a3 {[%clk 1:08:12]} d6 {[%clk 1:07:20]} 11. Qe2 {[%clk 1:05:37]}
Nbd7 {[%clk 1:01:21]} 12. b4 {[%clk 0:54:37]} Qxc3 {[%clk 1:01:06]} 13. Be3
{[%clk 0:54:01]} Qc7 {[%clk 1:00:38]} 14. Rac1 {[%clk 0:53:22]} Nxe4 {[%clk
0:59:35]} 15. Bxe4 {[%clk 0:53:03]} Bxe4 {[%clk 0:59:59]} 16. Qg4 {[%clk
0:52:17]} Nf6 {[%clk 0:59:08]} 0-1

[Event "DEM U10 2020"]
[Site "Willingen GER"]
[Date "2020.10.27"]
[Round "1"]
[White "Goldkuhle, Collin"]
[Black "Middendorf, Sven-Jonas"]
[Result "1-0"]
[Termination "normal"]
[Board "7"]
[WhiteElo "1418"]
[BlackElo "1355"]
[WhiteClock "00:45:11"]
[BlackClock "00:16:10"]
[PlyCount "127"]
[WhiteFideId "16271106"]
[BlackFideId "16287207"]
[EventCountry "GER"]
[EventRounds "7"]
[EventType "swiss"]
[EventDate "2020.10.26"]

1. e4 {[%clk 1:15:58]} e5 {[%clk 1:15:54]} 2. Nf3 {[%clk 1:16:13]} Nc6 {[%clk
1:16:18]} 3. Bb5 {[%clk 1:16:32]} a6 {[%clk 1:16:41]} 4. Ba4 {[%clk 1:16:58]}
Nf6 {[%clk 1:17:00]} 5. O-O {[%clk 1:17:08]} Be7 {[%clk 1:16:50]} 6. d3 {[%clk
1:17:12]} b5 {[%clk 1:16:55]} 7. Bb3 {[%clk 1:17:30]} O-O {[%clk 1:16:25]} 8.
Bg5 {[%clk 1:17:29]} Re8 {[%clk 1:08:23]} 9. Re1 {[%clk 1:14:12]} Bb7 {[%clk
1:02:43]} 10. Nbd2 {[%clk 1:13:03]} d6 {[%clk 0:56:38]} 11. Nf1 {[%clk
1:09:39]} Na5 {[%clk 0:52:22]} 12. Ne3 {[%clk 1:05:05]} c5 {[%clk 0:45:27]} 13.
Bxf6 {[%clk 0:57:30]} Bxf6 {[%clk 0:42:53]} 14. Bd5 {[%clk 0:55:18]} Nc6 {[%clk
0:37:53]} 15. a4 {[%clk 0:44:31]} Qd7 {[%clk 0:32:12]} 16. Qd2 {[%clk 0:42:08]}
Ne7 {[%clk 0:30:45]} 17. Bxb7 {[%clk 0:38:47]} Qxb7 {[%clk 0:31:01]} 18. b3
{[%clk 0:38:17]} d5 {[%clk 0:27:56]} 19. exd5 {[%clk 0:35:49]} Nxd5 {[%clk
0:28:08]} 20. Ng4 {[%clk 0:35:00]} Nf4 {[%clk 0:21:59]} 21. Nxf6+ {[%clk
0:35:06]} gxf6 {[%clk 0:22:04]} 22. Qe3 {[%clk 0:34:45]} Qc6 {[%clk 0:20:42]}
23. Qe4 {[%clk 0:33:26]} Qe6 {[%clk 0:17:16]} 24. axb5 {[%clk 0:31:32]} Kh8
{[%clk 0:13:24]} 25. Kh1 {[%clk 0:31:33]} Rg8 {[%clk 0:11:43]} 26. Rg1 {[%clk
0:31:50]} Qg4 {[%clk 0:09:47]} 27. Rxa6 {[%clk 0:27:22]} Rxa6 {[%clk 0:09:47]}
28. bxa6 {[%clk 0:27:22]} Qd7 {[%clk 0:04:00]} 29. Nd2 {[%clk 0:25:11]} Qa7
{[%clk 0:02:25]} 30. Qb7 {[%clk 0:25:31]} Qxb7 {[%clk 0:02:42]} 31. axb7 {[%clk
0:25:57]} Rb8 {[%clk 0:02:58]} 32. Ne4 {[%clk 0:26:15]} Rxb7 {[%clk 0:02:34]}
33. Nxc5 {[%clk 0:26:25]} Rc7 {[%clk 0:02:39]} 34. b4 {[%clk 0:26:07]} Nd5
{[%clk 0:01:31]} 35. Rb1 {[%clk 0:25:59]} Kg8 {[%clk 0:00:58]} 36. c4 {[%clk
0:26:21]} Nxb4 {[%clk 0:00:55]} 37. Rxb4 {[%clk 0:26:12]} Rxc5 {[%clk 0:01:17]}
38. g3 {[%clk 0:26:30]} Kf8 {[%clk 0:01:28]} 39. Kg2 {[%clk 0:26:59]} Ke8
{[%clk 0:01:44]} 40. Kf3 {[%clk 0:26:44]} Kd7 {[%clk 0:01:42]} 41. Ke4 {[%clk
0:26:56]} Rc6 {[%clk 0:00:53]} 42. h4 {[%clk 0:27:07]} Ke6 {[%clk 0:01:12]} 43.
d4 {[%clk 0:27:04]} exd4 {[%clk 0:00:34]} 44. Kxd4 {[%clk 0:27:24]} Kd6 {[%clk
0:15:13]} 45. Rb5 {[%clk 0:42:33]} Ke6 {[%clk 0:14:03]} 46. c5 {[%clk 0:42:51]}
Kd7 {[%clk 0:13:05]} 47. Rb6 {[%clk 0:43:11]} Kc7 {[%clk 0:12:24]} 48. Rxc6+
{[%clk 0:43:11]} Kxc6 {[%clk 0:12:49]} 49. h5 {[%clk 0:43:19]} h6 {[%clk
0:13:03]} 50. g4 {[%clk 0:43:15]} Kc7 {[%clk 0:13:00]} 51. Kd5 {[%clk 0:42:20]}
Kd7 {[%clk 0:13:19]} 52. c6+ {[%clk 0:42:39]} Kc8 {[%clk 0:13:30]} 53. Kd6
{[%clk 0:42:57]} Kd8 {[%clk 0:13:54]} 54. c7+ {[%clk 0:43:18]} Kc8 {[%clk
0:14:20]} 55. f3 {[%clk 0:43:36]} f5 {[%clk 0:14:19]} 56. gxf5 {[%clk 0:44:00]}
f6 {[%clk 0:14:32]} 57. f4 {[%clk 0:44:24]} Kb7 {[%clk 0:14:58]} 58. Kd7 {[%clk
0:44:44]} Kb6 {[%clk 0:14:44]} 59. c8=Q Ka7 60. Qc2 {[%clk 0:44:20]} Kb6 {[%clk
0:15:02]} 61. Qc6+ {[%clk 0:44:40]} Ka7 {[%clk 0:15:22]} 62. Qb5 {[%clk
0:44:52]} Ka8 {[%clk 0:15:45]} 63. Kc7 {[%clk 0:45:11]} Ka7 {[%clk 0:16:10]}
64. Qb7# 1-0

[Event "DEM U10 2020"]
[Site "Willingen GER"]
[Date "2020.10.27"]
[Round "1"]
[White "Hellenbroich, Hanno"]
[Black "Nönnig, Jakob"]
[Result "1/2-1/2"]
[Termination "normal"]
[Board "23"]
[WhiteElo "1291"]
[BlackElo "1442"]
[WhiteClock "00:53:33"]
[BlackClock "00:27:04"]
[PlyCount "77"]
[WhiteFideId "16270762"]
[BlackFideId "16289447"]
[EventCountry "GER"]
[EventRounds "7"]
[EventType "swiss"]
[EventDate "2020.10.26"]

1. e4 {[%clk 1:15:54]} e5 {[%clk 1:15:59]} 2. Nf3 {[%clk 1:16:11]} Nc6 {[%clk
1:16:25]} 3. Bc4 {[%clk 1:16:27]} Bc5 {[%clk 1:16:49]} 4. c3 {[%clk 1:16:43]}
Nf6 {[%clk 1:17:14]} 5. d3 {[%clk 1:16:56]} d6 {[%clk 1:17:23]} 6. O-O {[%clk
1:17:10]} Bg4 {[%clk 1:16:36]} 7. Nbd2 {[%clk 1:16:29]} O-O {[%clk 1:16:26]} 8.
Re1 {[%clk 1:16:42]} h6 {[%clk 1:15:49]} 9. Nf1 {[%clk 1:16:56]} Ne7 {[%clk
1:12:27]} 10. Ng3 {[%clk 1:15:19]} Qd7 {[%clk 1:07:32]} 11. d4 {[%clk 1:14:44]}
exd4 {[%clk 1:05:45]} 12. cxd4 {[%clk 1:14:55]} Bxf3 {[%clk 1:05:56]} 13. gxf3
{[%clk 1:14:02]} Bb4 {[%clk 1:05:37]} 14. Re2 {[%clk 1:14:16]} b5 {[%clk
1:04:13]} 15. Bd3 {[%clk 1:14:03]} Rad8 {[%clk 1:02:35]} 16. Be3 {[%clk
1:12:04]} c6 {[%clk 0:58:32]} 17. Qc1 {[%clk 1:10:21]} Ne8 {[%clk 0:55:53]} 18.
Nf5 {[%clk 1:05:26]} Nxf5 {[%clk 0:54:58]} 19. exf5 {[%clk 1:05:22]} f6 {[%clk
0:54:05]} 20. a3 {[%clk 1:04:47]} Ba5 {[%clk 0:53:53]} 21. b4 {[%clk 1:05:00]}
Bc7 {[%clk 0:53:06]} 22. Re1 {[%clk 1:04:48]} Qf7 {[%clk 0:51:04]} 23. Bf4
{[%clk 1:03:32]} d5 {[%clk 0:47:25]} 24. Kh1 {[%clk 1:03:33]} Qh5 {[%clk
0:43:46]} 25. Be2 {[%clk 1:02:33]} Bxf4 {[%clk 0:42:40]} 26. Qxf4 {[%clk
1:02:55]} Rc8 {[%clk 0:41:48]} 27. Rg1 {[%clk 1:03:20]} Rf7 {[%clk 0:40:10]}
28. Rae1 {[%clk 1:02:04]} Re7 {[%clk 0:38:55]} 29. Bd3 {[%clk 0:56:34]} Rxe1
{[%clk 0:37:38]} 30. Rxe1 {[%clk 0:56:38]} Qf7 {[%clk 0:35:30]} 31. Rg1 {[%clk
0:56:26]} Kh8 {[%clk 0:33:24]} 32. Qe3 {[%clk 0:54:33]} Nc7 {[%clk 0:32:12]}
33. Rc1 {[%clk 0:53:03]} Qd7 {[%clk 0:31:09]} 34. Bb1 {[%clk 0:52:30]} a6
{[%clk 0:29:20]} 35. Qc3 {[%clk 0:52:36]} Ne8 {[%clk 0:28:15]} 36. Qe3 {[%clk
0:52:54]} Nc7 {[%clk 0:27:03]} 37. Qc3 {[%clk 0:53:10]} Ne8 {[%clk 0:26:55]}
38. Qe3 {[%clk 0:53:33]} Nc7 {[%clk 0:27:04]} 39. Qc3 1/2-1/2

[Event "DEM U10 2020"]
[Site "Willingen GER"]
[Date "2020.10.27"]
[Round "1"]
[White "Stichter, Constantin"]
[Black "Sewerinow, Alexander"]
[Result "1-0"]
[Termination "normal"]
[Board "26"]
[WhiteElo "1476"]
[BlackElo "1202"]
[WhiteClock "01:21:03"]
[BlackClock "01:14:06"]
[PlyCount "75"]
[WhiteFideId "34603140"]
[BlackFideId "34604464"]
[EventCountry "GER"]
[EventRounds "7"]
[EventType "swiss"]
[EventDate "2020.10.26"]

1. e4 {[%clk 1:15:54]} c5 {[%clk 1:15:58]} 2. d3 {[%clk 1:16:10]} d6 {[%clk
1:16:22]} 3. g3 {[%clk 1:16:27]} g6 {[%clk 1:16:46]} 4. Bg2 {[%clk 1:16:44]}
Bg7 {[%clk 1:17:07]} 5. Nd2 {[%clk 1:17:03]} Nf6 {[%clk 1:17:27]} 6. Ngf3
{[%clk 1:17:21]} O-O {[%clk 1:17:51]} 7. O-O {[%clk 1:17:36]} Nc6 {[%clk
1:18:13]} 8. Re1 {[%clk 1:17:57]} Qc7 {[%clk 1:18:13]} 9. c3 {[%clk 1:18:06]}
Bg4 {[%clk 1:18:32]} 10. h3 {[%clk 1:17:57]} Be6 {[%clk 1:18:32]} 11. Nf1
{[%clk 1:17:55]} Qd7 {[%clk 1:18:54]} 12. Kh2 {[%clk 1:18:14]} d5 {[%clk
1:18:04]} 13. e5 {[%clk 1:18:30]} Ne8 {[%clk 1:18:10]} 14. d4 {[%clk 1:18:47]}
c4 {[%clk 1:17:58]} 15. Bf4 {[%clk 1:18:30]} Bf5 16. g4 {[%clk 1:17:54]} Be4
{[%clk 1:17:34]} 17. N1d2 {[%clk 1:18:09]} Bxf3 {[%clk 1:17:16]} 18. Qxf3
{[%clk 1:18:24]} e6 {[%clk 1:17:39]} 19. g5 {[%clk 1:18:22]} Nc7 {[%clk
1:17:29]} 20. h4 {[%clk 1:18:15]} b5 {[%clk 1:17:05]} 21. Kg3 {[%clk 1:18:16]}
b4 {[%clk 1:17:23]} 22. Rh1 {[%clk 1:18:30]} bxc3 {[%clk 1:16:36]} 23. bxc3
{[%clk 1:18:49]} Rab8 {[%clk 1:16:55]} 24. h5 {[%clk 1:18:49]} Rb2 {[%clk
1:15:52]} 25. Qg4 {[%clk 1:19:08]} Rfb8 {[%clk 1:15:49]} 26. Nf3 {[%clk
1:18:58]} Kf8 {[%clk 1:15:18]} 27. Bc1 {[%clk 1:18:31]} Rb1 {[%clk 1:14:50]}
28. Ba3+ {[%clk 1:18:35]} Ke8 {[%clk 1:14:27]} 29. Raxb1 {[%clk 1:18:59]} Rxb1
{[%clk 1:14:38]} 30. Rxb1 {[%clk 1:19:24]} Bf8 {[%clk 1:14:30]} 31. Bxf8 {[%clk
1:19:42]} Kxf8 {[%clk 1:14:53]} 32. hxg6 {[%clk 1:19:45]} hxg6 {[%clk 1:15:09]}
33. Nh4 {[%clk 1:20:00]} Qc8 {[%clk 1:14:28]} 34. Qf3 {[%clk 1:20:08]} Kg7
{[%clk 1:14:33]} 35. Qf6+ {[%clk 1:20:22]} Kg8 36. Nf5 {[%clk 1:20:33]} exf5
{[%clk 1:14:20]} 37. Rh1 {[%clk 1:20:50]} f4+ {[%clk 1:14:06]} 38. Kf3 {[%clk
1:21:03]} 1-0

[Event "DEM U10 2020"]
[Site "Willingen GER"]
[Date "2020.10.27"]
[Round "1"]
[White "Radeke, Timothy"]
[Black "Mündörfer, Sebastian"]
[Result "1-0"]
[Termination "normal"]
[Board "28"]
[WhiteElo "1143"]
[BlackElo "1175"]
[WhiteClock "01:02:45"]
[BlackClock "00:50:45"]
[PlyCount "91"]
[WhiteFideId "16289412"]
[BlackFideId "34604367"]
[EventCountry "GER"]
[EventRounds "7"]
[EventType "swiss"]
[EventDate "2020.10.26"]

1. d4 {[%clk 1:15:57]} Nf6 {[%clk 1:15:50]} 2. c4 {[%clk 1:16:21]} e6 {[%clk
1:16:14]} 3. Nf3 {[%clk 1:16:45]} b6 {[%clk 1:16:20]} 4. Nc3 {[%clk 1:17:05]}
Bb4 {[%clk 1:16:29]} 5. Bg5 {[%clk 1:17:27]} Bb7 {[%clk 1:16:07]} 6. e3 {[%clk
1:17:29]} O-O {[%clk 1:16:09]} 7. a3 {[%clk 1:17:49]} Bxc3+ {[%clk 1:16:16]} 8.
bxc3 {[%clk 1:18:06]} d6 {[%clk 1:16:10]} 9. Bd3 {[%clk 1:18:28]} Nbd7 {[%clk
1:16:11]} 10. O-O {[%clk 1:18:47]} c5 {[%clk 1:15:01]} 11. e4 {[%clk 1:18:51]}
Qc7 {[%clk 1:14:13]} 12. d5 {[%clk 1:18:31]} exd5 {[%clk 1:11:34]} 13. cxd5
{[%clk 1:16:40]} Ng4 {[%clk 1:10:49]} 14. c4 {[%clk 1:13:03]} Nge5 {[%clk
1:10:41]} 15. Nh4 {[%clk 1:12:43]} Nxd3 {[%clk 1:07:34]} 16. Qxd3 {[%clk
1:12:58]} Ne5 {[%clk 1:07:32]} 17. Qg3 {[%clk 1:12:41]} f6 {[%clk 1:04:51]} 18.
Bf4 {[%clk 1:11:27]} Kh8 {[%clk 1:03:17]} 19. Bxe5 {[%clk 1:11:48]} fxe5 {[%clk
1:03:24]} 20. Qh3 {[%clk 1:11:53]} Bc8 {[%clk 1:02:41]} 21. Qe3 {[%clk
1:09:01]} Qf7 {[%clk 1:00:54]} 22. Rac1 {[%clk 1:04:42]} Qf4 {[%clk 1:00:47]}
23. Nf3 {[%clk 1:03:23]} Qxe3 {[%clk 1:01:07]} 24. fxe3 {[%clk 1:03:46]} Bd7
{[%clk 1:00:06]} 25. Ng5 {[%clk 1:03:28]} Kg8 {[%clk 0:59:57]} 26. Rf2 {[%clk
1:01:24]} Rf6 {[%clk 0:58:30]} 27. Rcf1 {[%clk 0:59:58]} Raf8 {[%clk 0:58:38]}
28. Rxf6 {[%clk 1:00:09]} Rxf6 {[%clk 0:58:58]} 29. Rxf6 {[%clk 1:00:26]} gxf6
{[%clk 0:59:19]} 30. Nf3 Ba4 {[%clk 0:58:34]} 31. Kf2 {[%clk 1:00:55]} Bd7
{[%clk 0:55:32]} 32. Nh4 {[%clk 1:00:51]} Kf8 {[%clk 0:55:35]} 33. Nf5 {[%clk
1:01:08]} Bxf5 {[%clk 0:55:56]} 34. exf5 {[%clk 1:01:29]} a6 {[%clk 0:56:07]}
35. a4 {[%clk 1:01:13]} Ke7 {[%clk 0:55:34]} 36. g4 {[%clk 1:01:36]} h6 {[%clk
0:55:56]} 37. h4 {[%clk 1:02:01]} Kf7 {[%clk 0:51:30]} 38. e4 {[%clk 1:01:29]}
Kg7 {[%clk 0:51:47]} 39. Kf3 {[%clk 1:01:22]} Kf7 {[%clk 0:51:39]} 40. h5
{[%clk 1:01:10]} Ke7 {[%clk 0:51:41]} 41. Ke3 {[%clk 1:01:22]} b5 {[%clk
0:50:06]} 42. cxb5 {[%clk 1:01:27]} axb5 {[%clk 0:50:25]} 43. axb5 {[%clk
1:01:49]} Kd7 {[%clk 0:50:38]} 44. Kd3 {[%clk 1:02:12]} Kc7 {[%clk 0:50:53]}
45. Kc4 {[%clk 1:02:35]} Kb6 {[%clk 0:50:45]} 46. g5 {[%clk 1:02:45]} 1-0